| 000 | 00000nam##2200000za#4500 |
| 001 | 9.625678 |
| 003 | CaOODSP |
| 005 | 20200421163412 |
| 007 | ta |
| 008 | 150406|2001||||xxc||||| f|0| 0 fre|d |
| 020 | |a0-662-85958-8 |
| 040 | |aCaOODSP|bfre |
| 043 | |an-cn--- |
| 086 | 1 |aNH18-24/8F |
| 110 | 2 |aSociété canadienne d'hypothèques et de logement. |
| 245 | 10|aComment enrayer la moisissure |
| 260 | |aOttawa - Ontario : |bSociété canadienne d'hypothèques et de logement |c2001. |
| 300 | |a4p. ; |c28 cm. |
| 490 | 1 |aVotre maison |vCF8 |
| 563 | |aDépliant |
| 590 | |a01-22|b2001-06-01 |
| 691 | 07|aRénovation domiciliaire|2gcpds |
| 691 | 07|aQualité de l'air|2gcpds |
| 691 | 07|aChampignon|2gcpds |
| 691 | 07|aLogement|2gcpds |
| 775 | 08|tFighting mold |w(CaOODSP)9.615627 |
| 776 | 0#|tComment enrayer la moisissure |w(CaOODSP)9.602248 |
| 830 | #0|aVotre maison ;|vCF8|w(CaOODSP)9.513181 |